[Event "Leiden SB-ch 1920"]
[Site "Leiden"]
[Date "2020.02.21"]
[Round "5"]
[White "Van der Scheer, Henk"]
[Black "Van den Biggelaar, Don"]
[Result "1-0"]
[WhiteElo "1853"]
[BlackElo "1735"]
[PlyCount "31"]
[EventDate "2019.11.08"]
[EventType "swiss"]
[EventRounds "7"]
[EventCountry "NED"]
[SourceTitle "EXT 2023"]
[Source "ChessBase"]
[SourceDate "2022.10.05"]
[SourceVersion "1"]
[SourceVersionDate "2022.10.05"]
[SourceQuality "1"]

1. d4 d5 2. Nf3 Nc6 3. e3 Nf6 4. Be2 Bf5 5. a3 e6 6. 0-0 Bd6 7. c4 dxc4 8. Bxc4 0-0 9. Nc3 Qe7 10. Re1 Rfd8 11. e4 Bg4 12. Be3 Na5 13. Be2 c5 14. e5 Bxe5 15. Nxe5 cxd4 16. Bxd4 1-0

[Event "Leiden SB-ch 1819"]
[Site "Leiden"]
[Date "2019.06.21"]
[Round "9"]
[White "Uittenbogaard, Rob"]
[Black "Van der Scheer, Henk"]
[Result "0-1"]
[WhiteElo "1556"]
[BlackElo "1910"]
[PlyCount "58"]
[EventDate "2018.10.19"]
[EventType "swiss"]
[EventRounds "9"]
[EventCountry "NED"]
[SourceTitle "EXT 2023"]
[Source "ChessBase"]
[SourceDate "2022.10.05"]
[SourceVersion "1"]
[SourceVersionDate "2022.10.05"]
[SourceQuality "1"]

1. d4 d5 2. c4 e6 3. Nf3 Nf6 4. Qc2 Nc6 5. a3 Be7 6. e3 Ne4 7. Bd3 f5 8. Nc3 Nxc3 9. Qxc3 a5 10. 0-0 0-0 11. b3 Qe8 12. Bb2 Qh5 13. c5 Rf6 14. Be2 Rh6 15. h3 g5 16. Qe1 g4 17. Nh2 Bd7 18. f4 Kf7 19. Nxg4 fxg4 20. Bxg4 Qg6 21. Qe2 Rg8 22. Rf3 Ke8 23. Raf1 Rh4 24. f5 exf5 25. Bxf5 Bxf5 26. Rxf5 Rxh3 27. Rxd5 Qg3 28. Qf3 Qh2+ 29. Kf2 Rxf3+ 0-1

[Event "Leiden SB-ch 1819"]
[Site "Leiden"]
[Date "2019.05.24"]
[Round "8"]
[White "Van der Scheer, Henk"]
[Black "Warnaar, Alisha"]
[Result "0-1"]
[WhiteElo "1910"]
[BlackElo "1741"]
[PlyCount "97"]
[EventDate "2018.10.19"]
[EventType "swiss"]
[EventRounds "9"]
[EventCountry "NED"]
[SourceTitle "EXT 2023"]
[Source "ChessBase"]
[SourceDate "2022.10.05"]
[SourceVersion "1"]
[SourceVersionDate "2022.10.05"]
[SourceQuality "1"]

1. d4 Nf6 2. Nf3 g6 3. g3 Bg7 4. Bg2 0-0 5. 0-0 d6 6. c4 Nbd7 7. Nc3 e5 8. dxe5 dxe5 9. Bg5 h6 10. Bxf6 Qxf6 11. Nd5 Qd8 12. Qc2 c6 13. Nc3 Qc7 14. Rad1 Nf6 15. e4 a5 16. c5 Be6 17. Na4 Rad8 18. Nb6 Nd7 19. Nxd7 Rxd7 20. Rxd7 Qxd7 21. Rd1 Qe7 22. a3 Rd8 23. b4 h5 24. Rd3 f6 25. Bf1 axb4 26. axb4 Bh6 27. Rxd8+ Qxd8 28. Bc4 Bxc4 29. Qxc4+ Kg7 30. Qe6 Bc1 31. Kg2 Bb2 32. h3 Bd4 33. g4 hxg4 34. hxg4 Bc3 35. g5 Bxb4 36. gxf6+ Qxf6 37. Qd7+ Qf7 38. Qxf7+ Kxf7 39. Nxe5+ Kf6 40. Nd3 Bc3 41. f4 g5 42. f5 g4 43. Kf2 Kg5 44. Ke3 Bg7 45. Nf4 Bf6 46. Ng6 Bb2 47. Nf8 Bc1+ 48. Ke2 Kf4 49. f6 0-1

[Event "Leiden SB-ch 1819"]
[Site "Leiden"]
[Date "2019.04.26"]
[Round "7"]
[White "Plug, Arjan JH"]
[Black "Van der Scheer, Henk"]
[Result "1/2-1/2"]
[WhiteElo "1830"]
[BlackElo "1910"]
[PlyCount "76"]
[EventDate "2018.10.19"]
[EventType "swiss"]
[EventRounds "9"]
[EventCountry "NED"]
[SourceTitle "EXT 2023"]
[Source "ChessBase"]
[SourceDate "2022.10.05"]
[SourceVersion "1"]
[SourceVersionDate "2022.10.05"]
[SourceQuality "1"]

1. e4 e5 2. d4 exd4 3. Qxd4 Nc6 4. Qe3 b6 5. Bd2 Bc5 6. Qg3 Nf6 7. Nc3 Bb7 8. 0-0-0 Nh5 9. Qh3 g6 10. g4 Ng7 11. Nd5 a5 12. Bc3 Nd4 13. Bxd4 Bxd5 14. exd5 0-0 15. Qh6 Bxd4 16. Rxd4 Qf6 17. Qf4 Qe7 18. Nf3 a4 19. d6 cxd6 20. Qxd6 Qd8 21. h4 a3 22. b3 Ne6 23. h5 Nxd4 24. Qxd4 d5 25. hxg6 fxg6 26. Ne5 Qf6 27. Qxd5+ Kh8 28. Nxg6+ Kg7 29. Nxf8 Rxf8 30. f3 Rd8 31. Qb7+ Kf8 32. Bd3 Qa1+ 33. Kd2 Qxh1 34. Qe4 Qh2+ 35. Kc3 Qc7+ 36. Kd2 Qh2+ 37. Kc3 Qc7+ 38. Kd2 Qh2+ 1/2-1/2

[Event "Leiden SB-ch 1819"]
[Site "Leiden"]
[Date "2018.12.07"]
[Round "3"]
[White "Van der Scheer, Henk"]
[Black "Hettfleisch, Maurice"]
[Result "0-1"]
[WhiteElo "1910"]
[BlackElo "1751"]
[PlyCount "82"]
[EventDate "2018.10.19"]
[EventType "swiss"]
[EventRounds "9"]
[EventCountry "NED"]
[SourceTitle "EXT 2023"]
[Source "ChessBase"]
[SourceDate "2022.10.05"]
[SourceVersion "1"]
[SourceVersionDate "2022.10.05"]
[SourceQuality "1"]

1. d4 Nf6 2. c4 e6 3. Nc3 Bb4 4. Qc2 Nc6 5. Nf3 0-0 6. e3 d6 7. a3 Bxc3+ 8. Qxc3 a5 9. b3 Re8 10. Bb2 e5 11. d5 Ne7 12. Be2 Ng6 13. 0-0 Ne4 14. Qc2 Ng5 15. b4 Nxf3+ 16. Bxf3 Qg5 17. Be4 f5 18. f4 exf4 19. exf4 Nxf4 20. Bf3 Re2 21. Qc3 Nh3+ 22. Kh1 Nf2+ 23. Rxf2 Rxf2 24. Re1 Bd7 25. Kg1 axb4 26. axb4 Rxb2 27. Qxb2 Re8 28. Rxe8+ Bxe8 29. Qe2 Bd7 30. Kf2 Qh4+ 31. Kf1 Kf7 32. h3 Qd4 33. b5 Kf6 34. g3 f4 35. gxf4 Bxh3+ 36. Bg2 Qxf4+ 37. Kg1 Bxg2 38. Kxg2 Qf5 39. Kg1 h5 40. Kg2 Qg4+ 41. Qxg4 hxg4 0-1

[Event "Leiden LCT op-A 11th"]
[Site "Leiden"]
[Date "2017.07.17"]
[Round "4"]
[White "Oosterom, Erik"]
[Black "Van der Scheer, Henk"]
[Result "1-0"]
[WhiteElo "2099"]
[BlackElo "1964"]
[PlyCount "111"]
[EventDate "2017.07.14"]
[EventType "swiss"]
[EventRounds "9"]
[EventCountry "NED"]
[SourceTitle "EXT 2018"]
[Source "ChessBase"]
[SourceDate "2017.10.13"]
[SourceVersion "1"]
[SourceVersionDate "2017.10.13"]
[SourceQuality "1"]

1. Nf3 Nf6 2. c4 c6 3. d4 d5 4. Nc3 g6 5. Bf4 Bg7 6. e3 0-0 7. Rc1 Qb6 8. Qd2 Ne4 9. Nxe4 dxe4 10. Ne5 Nd7 11. c5 Qd8 12. Nc4 Nf6 13. h3 Nd5 14. Bh2 b5 15. cxb6 axb6 16. Ne5 Bxe5 17. Bxe5 Rxa2 18. Rxc6 Bb7 19. Rc1 Qa8 20. Bc4 Ra1 21. 0-0 Rxc1 22. Rxc1 Rc8 23. Kh2 f6 24. Bg3 Kg7 25. Qd1 Nb4 26. Ra1 Rxc4 27. Rxa8 Bxa8 28. Qa4 Bc6 29. Qa7 Nd5 30. Qb8 Bd7 31. Qd8 Be6 32. h4 Bf7 33. Qd7 Rb4 34. Qg4 Rxb2 35. Qxe4 b5 36. Qd3 b4 37. e4 Nc3 38. d5 Rb1 39. d6 exd6 40. h5 Rd1 41. Qe3 g5 42. f4 h6 43. e5 dxe5 44. fxe5 Nd5 45. exf6+ Nxf6 46. Be5 Rf1 47. Qd3 Re1 48. Qd4 Rf1 49. g4 b3 50. Kg2 Rf4 51. Bxf4 gxf4 52. Kf3 Be6 53. Qa7+ Kf8 54. g5 hxg5 55. h6 Bf7 56. Qc5+ 1-0

[Event "Leiden LCT op-A 11th"]
[Site "Leiden"]
[Date "2017.07.16"]
[Round "3"]
[White "Van der Scheer, Henk"]
[Black "Wilschut, Peter"]
[Result "0-1"]
[WhiteElo "1964"]
[BlackElo "2259"]
[PlyCount "48"]
[EventDate "2017.07.14"]
[EventType "swiss"]
[EventRounds "9"]
[EventCountry "NED"]
[SourceTitle "EXT 2018"]
[Source "ChessBase"]
[SourceDate "2017.10.13"]
[SourceVersion "1"]
[SourceVersionDate "2017.10.13"]
[SourceQuality "1"]

1. d4 d5 2. Nf3 Nf6 3. e3 c6 4. c4 a6 5. cxd5 cxd5 6. Be2 Bf5 7. Nc3 e6 8. 0-0 Nbd7 9. Nd2 b5 10. f3 Bg6 11. Kh1 Rc8 12. Qe1 Be7 13. Nd1 0-0 14. Nf2 Nb6 15. b3 Qc7 16. Bb2 Qc2 17. Qc1 Bb4 18. Rd1 Qf5 19. Qb1 Qxb1 20. Nxb1 Rc2 21. a3 Rxe2 22. axb4 Rxb2 23. Rxa6 Nfd7 24. Nd2 Rc8 0-1

[Event "Leiden LCT op-A 11th"]
[Site "Leiden"]
[Date "2017.07.14"]
[Round "1"]
[White "Van der Scheer, Henk"]
[Black "Verstraeten, Reinaert"]
[Result "0-1"]
[WhiteElo "1964"]
[BlackElo "2316"]
[PlyCount "98"]
[EventDate "2017.07.14"]
[EventType "swiss"]
[EventRounds "9"]
[EventCountry "NED"]
[SourceTitle "EXT 2018"]
[Source "ChessBase"]
[SourceDate "2017.10.13"]
[SourceVersion "1"]
[SourceVersionDate "2017.10.13"]
[SourceQuality "1"]

1. d4 Nf6 2. Nf3 g6 3. g3 Bg7 4. Bg2 0-0 5. 0-0 d6 6. Re1 c5 7. c3 Nc6 8. Nbd2 Nd7 9. Nb3 a6 10. dxc5 Nxc5 11. Nxc5 dxc5 12. Be3 c4 13. Qxd8 Rxd8 14. Bb6 Rd5 15. Nd4 Bxd4 16. Bxd4 Rb5 17. Red1 Rxb2 18. Bxc6 bxc6 19. Kf1 Bf5 20. Ke1 f6 21. f3 Rab8 22. g4 Be6 23. Rd2 R2b5 24. Be3 h5 25. h3 Kf7 26. Kf2 Rb1 27. Rxb1 Rxb1 28. Rc2 g5 29. Bd2 Kg6 30. e4 h4 31. Be1 Kf7 32. Ke2 Bd7 33. Kd2 e6 34. Rc1 Rb5 35. Kc2 f5 36. exf5 exf5 37. Bd2 Be6 38. Re1 f4 39. Bc1 Rd5 40. Ba3 Rd3 41. Bc5 Rxf3 42. Rb1 Rxh3 43. Rb7+ Kg6 44. Bd4 Bxg4 45. Rb8 Bf5+ 46. Kd2 Rh2+ 47. Ke1 f3 48. Rg8+ Kh5 49. Rf8 Kg4 0-1

[Event "Leiden op-A 9th"]
[Site "Leiden"]
[Date "2015.07.23"]
[Round "6"]
[White "Van der Scheer, Henk"]
[Black "Havenaar, Jan"]
[Result "0-1"]
[WhiteElo "2049"]
[BlackElo "2017"]
[PlyCount "82"]
[EventDate "2015.07.17"]
[EventType "swiss"]
[EventRounds "9"]
[EventCountry "NED"]
[SourceTitle "CBM 167 Extra"]
[Source "ChessBase"]
[SourceDate "2015.09.14"]
[SourceVersion "1"]
[SourceVersionDate "2015.09.14"]
[SourceQuality "1"]

1. d4 Nf6 2. Nf3 d5 3. g3 e6 4. Bg2 Bd6 5. Nc3 c6 6. Bg5 h6 7. Bxf6 Qxf6 8. e4 Qe7 9. e5 Bc7 10. 0-0 Nd7 11. Re1 0-0 12. Nd2 c5 13. f4 cxd4 14. Ne2 Bb6 15. Kh1 d3 16. cxd3 Qb4 17. Nb3 Nc5 18. Nxc5 Bxc5 19. d4 Bb6 20. Rb1 Bd7 21. a3 Qa4 22. Nc3 Qxd4 23. Qh5 Kh7 24. Rbd1 Qc5 25. g4 g6 26. Qh4 Qf2 27. Qe7 Bc6 28. Rf1 Qc5 29. Qh4 Bd8 30. Qh3 Be7 31. Bf3 Rad8 32. g5 h5 33. Bxh5 gxh5 34. Qxh5+ Kg8 35. g6 d4+ 36. Rf3 Bxf3+ 37. Qxf3 dxc3 38. Rg1 Qc6 39. Qxc6 bxc6 40. f5 exf5 41. gxf7+ Kxf7 0-1

[Event "Leiden op-A 9th"]
[Site "Leiden"]
[Date "2015.07.20"]
[Round "4"]
[White "Van der Scheer, Henk"]
[Black "Visser, Henk Jan"]
[Result "0-1"]
[WhiteElo "2049"]
[BlackElo "2272"]
[PlyCount "68"]
[EventDate "2015.07.17"]
[EventType "swiss"]
[EventRounds "9"]
[EventCountry "NED"]
[SourceTitle "CBM 167 Extra"]
[Source "ChessBase"]
[SourceDate "2015.09.14"]
[SourceVersion "1"]
[SourceVersionDate "2015.09.14"]
[SourceQuality "1"]

1. d4 Nf6 2. Nf3 c5 3. c4 g6 4. Nc3 Bg7 5. e3 0-0 6. Be2 cxd4 7. exd4 d5 8. 0-0 Nc6 9. h3 dxc4 10. Bxc4 Na5 11. Be2 Be6 12. Be3 Nd5 13. Nxd5 Bxd5 14. b3 Nc6 15. Rc1 Rc8 16. Qd2 Rc7 17. Ne5 e6 18. Rfd1 Qa8 19. Bh6 Qd8 20. Bxg7 Kxg7 21. Qf4 Qf6 22. Nxg6 Qxg6 23. Bf1 Rfc8 24. Rc3 Kf8 25. Rg3 Qf5 26. Qd6+ Re7 27. Bd3 Qh5 28. Rg4 f5 29. Qf4 Rf7 30. Qd6+ Ne7 31. Qe5 Ng6 32. Qd6+ Kg8 33. Be2 fxg4 34. Bxg4 Qg5 0-1

[Event "Leiden op-A 9th"]
[Site "Leiden"]
[Date "2015.07.19"]
[Round "3"]
[White "De Mooij, Marco"]
[Black "Van der Scheer, Henk"]
[Result "0-1"]
[WhiteElo "1929"]
[BlackElo "2049"]
[PlyCount "74"]
[EventDate "2015.07.17"]
[EventType "swiss"]
[EventRounds "9"]
[EventCountry "NED"]
[SourceTitle "CBM 167 Extra"]
[Source "ChessBase"]
[SourceDate "2015.09.14"]
[SourceVersion "1"]
[SourceVersionDate "2015.09.14"]
[SourceQuality "1"]

1. e4 c5 2. Nf3 d6 3. d4 cxd4 4. Nxd4 Nf6 5. Nc3 g6 6. Bg5 Bg7 7. Bb5+ Bd7 8. Qe2 Nc6 9. Bxc6 bxc6 10. 0-0-0 0-0 11. e5 dxe5 12. Nxc6 Bxc6 13. Rxd8 Rfxd8 14. f3 Rab8 15. Rd1 Rdc8 16. Bxf6 Bxf6 17. Ne4 Bg7 18. Qa6 Bh6+ 19. Kb1 Be3 20. Qa3 Bd4 21. b3 Rc7 22. Qa5 Rbc8 23. c4 Bd7 24. Rd3 Be6 25. Kc2 h6 26. Kd2 f5 27. Nc3 Kf8 28. f4 Bxc4 29. bxc4 Rxc4 30. fxe5 Bxc3+ 31. Rxc3 Rxc3 32. Qxa7 Rc2+ 33. Kd3 Rxg2 34. Qb7 Rd8+ 35. Ke3 Rxa2 36. Qb6 Rad2 37. e6 R8d6 0-1

[Event "Leiden op-A 9th"]
[Site "Leiden"]
[Date "2015.07.17"]
[Round "1"]
[White "Das, Arghyadip"]
[Black "Van der Scheer, Henk"]
[Result "1-0"]
[WhiteElo "2457"]
[BlackElo "2049"]
[PlyCount "53"]
[EventDate "2015.07.17"]
[EventType "swiss"]
[EventRounds "9"]
[EventCountry "NED"]
[SourceTitle "CBM 167 Extra"]
[Source "ChessBase"]
[SourceDate "2015.09.14"]
[SourceVersion "1"]
[SourceVersionDate "2015.09.14"]
[SourceQuality "1"]

1. e4 c5 2. Nc3 d6 3. Nge2 Nc6 4. d4 cxd4 5. Nxd4 Nf6 6. Bg5 e6 7. Bb5 Bd7 8. Bxc6 bxc6 9. Qf3 e5 10. Nf5 Bxf5 11. Qxf5 Be7 12. 0-0 h6 13. Bxf6 Bxf6 14. Rad1 0-0 15. Rd3 Qe7 16. Na4 g6 17. Qh3 Bg7 18. Rfd1 Rad8 19. c4 f5 20. Nc3 Kh8 21. Qe3 Qb7 22. b3 Qe7 23. Qc1 Rf6 24. Qa3 Bf8 25. Qa5 Re6 26. b4 fxe4 27. Nxe4 1-0